Städte der europäischen Binnenländer - Sudden Death - Statistiken

Allgemein
  • Dieses Quiz wurde 142 mal gespielt
  • Das Durchschnittsergebnis liegt bei 12 aus 18
Answers on the Grid
Answers color-coded by a green-red scale on the quiz's grid according to % correct below.
Lausanne
Linz
Eger
Ravenna
Espoo
Riga
Minsk
Brünn
Novi Sad
Patras
Warna
Bilbao
Winterthur
Kosice
Chisinau
Essen
Oxord
Dublin
Danzig
Skopje
Thessaloniki
Klagenfurt
Split
Belgrad
Gyor
Aarhus
Uppsala
Krakau
Malaga
Genf
Bratislava
Pilsen
Toulouse
Porto
Innsbruck
Debrecen
 
Antwortstatistiken
Antwort % Korrekt
Linz
94%
Genf
82%
Bratislava
79%
Innsbruck
79%
Lausanne
78%
Pilsen
75%
Belgrad
73%
Chisinau
73%
Klagenfurt
71%
Winterthur
71%
Skopje
69%
Minsk
68%
Brünn
65%
Eger
57%
Debrecen
51%
Novi Sad
51%
Gyor
49%
Kosice
48%
Keine übereinstimmenden Quizze gefunden
Verteilung der Resultate
Anzahl Personen mit jedem Resultat
Perzentil nach korrekt beantworteten Fragen
Ihre Resultats-Entwicklung
Sie haben dieses Quiz noch nicht gespielt